ADVANCED INSTRUMENTATION TECHNIQUES (Record no. 32448)

MARC details
000 -LEADER
fixed length control field 00331nam a22001457a 4500
003 - CONTROL NUMBER IDENTIFIER
control field SGT
020 ## - INTERNATIONAL STANDARD BOOK NUMBER
International Standard Book Number 97815-43343-11-3
082 ## - DEWEY DECIMAL CLASSIFICATION NUMBER
Classification number 543
Item number PAT
100 ## - MAIN ENTRY--PERSONAL NAME
Personal name PATIL, SHITAL
245 ## - TITLE STATEMENT
Title ADVANCED INSTRUMENTATION TECHNIQUES
260 ## - PUBLICATION, DISTRIBUTION, ETC. (IMPRINT)
Place of publication, distribution, etc INDIA
Name of publisher, distributor, etc PEE VEE PUB.
Year of Publication 2019
300 ## - PAGE DESCRIPTION
No. of Pages 224
650 ## - SUBJECT ADDED ENTRY--TOPICAL TERM
Topical term or geographic name as entry element PATIL, SHITAL
942 ## - ADDED ENTRY ELEMENTS (KOHA)
Source of classification or shelving scheme Dewey Decimal Classification
Koha item type Books
Holdings
Withdrawn status Lost status Source of classification or shelving scheme Damaged status Not for loan Collection code Home library Current library Date acquired SGTU Total Checkouts Full call number Accession No. (Barcode) Date last seen Bill Date Koha item type
    Dewey Decimal Classification     SCIENCE SGT Science & Social Sciences Library SGT Science & Social Sciences Library 25/08/2025 SGTU   543 PAT DP133 25/08/2025 25/08/2025 Books